Statistiques concernant Les meilleurs buteurs de l'histoire de Tottenham Hotspur

Cliquez ici pour prendre le quiz!

Statistiques générales

  • Ce quiz a été pris 44 fois
  • Le résultat moyen est 3 sur 10

Statistiques - réponses

ButsNationalitéJoueur% Correct
280AngleterreHarry Kane
100%
159Corée du SudHeung-min Son
100%
122IrlandeRobbie Keane
53%
143AngleterreJermain Defoe
28%
196AngleterreJimmy Greaves
18%
117AngleterreTeddy Sheringham
3%
120AngleterreBobby Smith
0%
118Pays de GallesCliff Jones
0%
87AngleterreMark Falco
0%
96AngleterreMartin Chivers
0%

Distribution des résultats

Percentile par nombre de réponses

% des personnes avec chaque résultat

Votre développement - résultats

Vous n’avez pas pris ce quiz